000 00655nam a22002297a 4500
003 OSt
005 20210414103236.0
008 210311s2001 ||||| |||| 00| 0 eng d
020 _a3927418056
040 _aeng
_beng
_cDLC
041 _aeng
_hger
080 _a008
_bW-81
100 _91359
_aWolff, Arnold
245 _aCologne on the Rhine / Cathedral and City Guide
_b: With City Map
_c/ by: Publicon
260 _aCologne, Germany
_bPublicon
_c2001
300 _a65 p.
_bill.
650 0 _9493
_aCulture
653 _aკულტურა
700 _91360
_aSchmitz, Heinz-Karl
700 _91361
_aGoertner, Rainer
_ePhotographer
942 _2udc
_cBK
999 _c2126
_d2126